|
|
|
|
| LEADER |
00870nam a2200241 a 4500 |
| 001 |
012270333 |
| 008 |
090705r20042003enk b 001 0 eng d |
| 020 |
|
|
|a 0631175377 (cased)
|
| 020 |
|
|
|a 0631175385 (pbk.)
|
| 040 |
|
|
|a StDuBDS
|d Uk
|
| 082 |
0 |
4 |
|a 801.95
|2 22
|
| 100 |
1 |
|
|a Radhakrishnan, R.
|q (Rajagopalan)
|
| 245 |
1 |
0 |
|a Theory in an uneven world /
|c R. Radhakrishnan.
|
| 260 |
|
|
|a Oxford :
|b Blackwell,
|c 2003 [reprinted 2004]
|
| 300 |
|
|
|a xv, 217 p. ;
|c 24 cm.
|
| 504 |
|
|
|a Includes bibliographical references and index.
|
| 541 |
1 |
|
|e 00014471
|
| 650 |
|
0 |
|a Criticism.
|
| 650 |
|
0 |
|a Postcolonialism.
|
| 650 |
|
0 |
|a Poststructuralism.
|
| 852 |
4 |
|
|a Ayesha Abed Library
|j General shelf
|
| 999 |
|
|
|c 2016
|d 2016
|
| 952 |
|
|
|0 0
|1 0
|2 ddc
|4 0
|6 801_950000000000000_RAD
|7 0
|9 1853
|a BRACUL
|b BRACUL
|c GEN
|d 2009-07-05
|g 990.00
|l 1
|o 801.95 RAD
|p 3010014471
|r 2024-03-24
|s 2024-03-18
|t 1
|w 2009-07-05
|y BK
|